| 000 | 00690nam a2200181 a 4500 | ||
|---|---|---|---|
| 005 | 20240924064359.0 | ||
| 008 | 021119s1982 mx r 000 0 spa d | ||
| 035 | _aUPN01000121075 | ||
| 049 | _aCG | ||
| 050 | 4 |
_aLB2806 _bF4.2 |
|
| 100 | 1 | _aFernández Guillermo, Leonor Guadalupe | |
| 245 | 0 | 0 |
_aCapacitación en planeación de sistemas educativos / _cLeonor Guadalupe Fernández Guillermo. |
| 260 |
_aMéxico : _bL.G. Fernández Guillermo, _c1982. |
||
| 300 | _a83 h. | ||
| 502 | _aTesina (Lic. en Pedagogía). -- Universidad Nacional Autónoma de México. Facultad de Filosofía y Letras. [Colegio de Pedagogía], 1982. | ||
| 650 | 4 |
_aEducación _xPlanificación _91146 |
|
| 905 | _aLibro | ||
| 999 |
_c93376 _d93376 |
||